Human genetics / (Record no. 36844)
[ view plain ]
| 000 -LEADER | |
|---|---|
| fixed length control field | 01219nam a2200313 4500 |
| 001 - CONTROL NUMBER | |
| control field | 36844 |
| 003 - CONTROL NUMBER IDENTIFIER | |
| rucl marc code | BD-RjUL |
| 005 - DATE AND TIME OF LATEST TRANSACTION | |
| control field | 20211209052541.0 |
| 008 - FIXED-LENGTH DATA ELEMENTS--GENERAL INFORMATION | |
| fixed length control field | 140916s2008 enka 000 0 eng d |
| 020 ## - INTERNATIONAL STANDARD BOOK NUMBER | |
| International Standard Book Number | 1904842739 |
| International Standard Book Number | 9781904842736 |
| 035 ## - SYSTEM CONTROL NUMBER | |
| System control number | (BD-RjUL)36946 |
| 040 ## - CATALOGING SOURCE | |
| Original cataloging agency | BWK |
| Transcribing agency | BWK |
| Modifying agency | STF |
| -- | QE2 |
| Language of cataloging | eng |
| 041 ## - LANGUAGE CODE | |
| Language code of text/sound track or separate title | eng |
| 082 ## - DEWEY DECIMAL CLASSIFICATION NUMBER | |
| Classification number | 576.5 |
| 100 1# - MAIN ENTRY--PERSONAL NAME | |
| Personal name | Gardner, Anne. |
| 9 (RLIN) | 112391 |
| 245 10 - TITLE STATEMENT | |
| Title | Human genetics / |
| Statement of responsibility, etc. | Anne Gardner, Rodney T. Howell, Teresa Davies. |
| 260 ## - PUBLICATION, DISTRIBUTION, ETC. (IMPRINT) | |
| Place of publication, distribution, etc. | New Delhi : |
| Name of publisher, distributor, etc. | Viva Books, |
| Date of publication, distribution, etc. | 2008 |
| 300 ## - PHYSICAL DESCRIPTION | |
| Pagination | xiii, 206 p. : |
| Illustrations | ill. ; |
| Size | 25 cm. |
| 500 ## - GENERAL NOTE | |
| General note | First published: 2000. |
| General note | Includes index. |
| 505 0# - FORMATTED CONTENTS NOTE | |
| Formatted contents note | 1. Organization of DNA -- 2. How normal genes work -- 3. Mechanisms of disease -- 4. Patterns of inheritance -- 5. Cytogenetics -- 6. Molecular cytogenetics -- 7. Molecular genetics -- 8. Cancer genetics -- 9. Prenatal diagnosis and screening -- 10. Genetic counselling and genetics and society -- Appendix. Glossary of disorders -- Appendix. Internet resources. |
| 650 #0 - SUBJECT ADDED ENTRY--TOPICAL TERM | |
| Topical term or geographic name as entry element | Human genetics. |
| 9 (RLIN) | 112392 |
| Topical term or geographic name as entry element | Medical genetics. |
| 9 (RLIN) | 18928 |
| 700 1# - ADDED ENTRY--PERSONAL NAME | |
| Personal name | Howell, Rodney T. |
| Personal name | Davies, Teresa |
| 942 ## - ADDED ENTRY ELEMENTS (KOHA) | |
| Source of classification or shelving scheme | Dewey Decimal Classification |
| Koha item type | Books |
| Lost status | Source of classification or shelving scheme | Damaged status | Not for loan | Permanent Location | Current Location | Shelving location | Date acquired | Cost, normal purchase price | Total Checkouts | Full call number | Date last seen | Copy number | Koha item type |
|---|---|---|---|---|---|---|---|---|---|---|---|---|---|
| Dewey Decimal Classification | Not For Loan | Institute of Biological Sciences (IBSc) Library | Institute of Biological Sciences (IBSc) Library | 16/09/2014 | 650.00 | 576.5 GAH 2008 | 16/09/2014 | C-1 | Books |